000 01261nam a22002294aa4500
003 BOFEUTO
005 20260519153346.0
008 260605t2026 bo gr 000 f spa d
017 _a4-1-3766-2026
020 _a978-9917-663-27-0
040 _6BOFEUTO
_aBOFEUTO
_cBOFEUTO
082 _a517.33
_bH531a
100 _aHerrera Leniz, Miguel
_eautor
245 _aAnálisis matemático aplicado /
_cMiguel Herrera Leniz
246 _aApplied mathematical analysis
250 _a6ta. Edición
260 _aOruro :
_bLatinas,
_c2026.
300 _a283 p. ;
_bilus. ;
_c25.5 cm.
500 _aIncluye prólogo, resumen de fórmulas, bibliografía.
520 _aCAPÍTULO 1 Ecuaciones y sistemas de ecuaciones CAPÍTULO 2 Análisis combinatorio CAPÍTULO 3. Sistema de números reales y desigualdades CAPÍTULO 4 Relaciones y funciones CAPÍTULO 5 Algunas funciones particulares CAPÍTULO 6 Límite de una función CAPÍTULO 7 Derivada de una función CAPÍTULO 8 Aplicaciones de la derivada CAPÍTULO 9 Funciones a varias variables CAPÍTULO 10 Integrales a una y varias variables CÁPITULO11 Álgebra matricial. Determinantes CAPÍTULO 12 Series infinitas CAPÍTULO 13 Ecuaciones diferenciales CAPÍTULO 14 Ecuaciones de diferencias.
942 _2ddc
_cLI
_n0
999 _c16177
_d16177